| 000 | 00600nam a2200205Ia 4500 | ||
|---|---|---|---|
| 005 | 20260429112148.0 | ||
| 008 | 260429s9999||||xx |||||||||||||| ||und|| | ||
| 020 | _a9781009339797 | ||
| 041 | _aEnglish | ||
| 082 |
_a306.3630 _bBAT |
||
| 100 | _aBates, Crispin | ||
| 245 | 0 |
_aBeyond indenture : _bagency and resistance in the colonial South Asian diaspora / _cCrispin Bates |
|
| 250 | _a1st ed. | ||
| 260 |
_aUnited Kingdom : _bCambridge University Press, _c2024. |
||
| 300 | _axvi, 395 p.; hb | ||
| 650 | _a Gender and family | ||
| 650 | _a Legacies | ||
| 650 | _aRemigration | ||
| 942 | _cTB | ||
| 999 |
_c52670 _d52670 |
||